| 000 | 00732cad a2200217 4500 | ||
|---|---|---|---|
| 001 | L158552 | ||
| 008 | 110505u2015 000 0 eng u | ||
| 035 | _a(Sirsi) u158552 | ||
| 041 | 0 | _aeng | |
| 110 | 2 |
_aConstruction Industry Council _92417 |
|
| 245 |
_aLiving with water _h[electronic resource] |
||
| 260 |
_aLondon _bConstruction Industry Council _c2015 |
||
| 520 | _aReport from the Commission of Inquiry into flood resilience of the future. | ||
| 590 | _aKA NTK | ||
| 650 | _aFLOOD RISK | ||
| 650 | _aFLOOD DEFENCES | ||
| 651 | 4 |
_aUnited Kingdom _y |
|
| 690 |
_aEnvironment _96238 |
||
| 856 | 4 | 0 |
_uhttps://cic.org.uk/admin/resources/cic9605-appg-report.pdf _zView this item free of charge at www.cic.org.uk |
| 942 | _n0 | ||
| 999 |
_c115377 _d115377 |
||